000 01059cam a22002771i 4500
003 SA-RiAUC
005 20250516151325.0
008 250513s2000 su g b 000 0 ara c
040 _aJO-AmJU
_bara
_cSA-RiAUC
_erda
082 0 4 _a252.6
_qSA-RiAUC
090 _a252.6
_b ب هـ ل
100 1 _aالبهلال، فريح بن صالح بن فهد،
_d1361 هجري-
_eمؤلف.
245 1 0 _aمن أحكام العمرة /
_cفريح بن صالح البهلال.
250 _aالطبعة الأولى.
264 1 _aالرياض :
_bدار الصميعي،
_c2000
300 _a320 صفحة ؛
_c24 × 17 سم
336 _aنص
_btxt
_2rdacontent
_3كتاب
337 _aبدون وسيط
_bn
_2rdamedia
338 _aمجلد
_bnc
_2rdacarrier
504 _aيشتمل على إرجاعات ببليوجرافية.
563 _aتجليد فني شمواه.
650 7 _aالعمرة (فقه إسلامي)
_2aucsh
650 7 _aالعبادات (فقه إسلامي)
_2aucsh
942 _2ddc
_cBOOK
_n0
949 _aSA-JeALM
_d250513
_uosman123
_n1
999 _c7974
_d7974